|
|
|
|
| LEADER |
00000nam a2200000 a 4500 |
| 001 |
vtls001065656 |
| 003 |
SK-MaSNL |
| 005 |
20260301232722.0 |
| 008 |
250414s1991 xo 000 j slo |
| 015 |
|
|
|a SNBA1991/09
|
| 020 |
|
|
|a 8022003123
|
| 035 |
|
|
|a SNK000008486
|
| 035 |
|
|
|a urn:nbn:sk:snk-amkqku
|
| 035 |
|
|
|a urn:nbn:sk:snk-am005bo8
|
| 035 |
|
|
|a 9CB6DA4B-979D-40FF-BBC5-A4607360B7C6
|
| 040 |
|
|
|a SNK
|b slo
|c SNK
|e AACR2
|
| 041 |
1 |
|
|a slo
|h swe
|
| 044 |
|
|
|a xo
|c SK
|
| 072 |
|
7 |
|a 821.11
|x Germánske literatúry
|2 konspekt
|
| 080 |
|
|
|a 821.113.6-31
|2 2001
|
| 100 |
1 |
|
|a Lagerlöf, Selma,
|d 1858-1940
|4 aut
|9 114609
|
| 240 |
1 |
0 |
|a Bannlyst
|l Slovensky
|
| 245 |
1 |
0 |
|a Prekliaty
|c Selma Lagerlöf ; [prel. Helena Dobiášová ; doslov Milan Žitný ; ilustr. Ľuba Končeková-Veselá]
|
| 250 |
|
|
|a 1. vyd.
|
| 260 |
|
|
|a Bratislava
|b Slovenský spisovateľ
|c 1991
|e Bratislava
|f Svornosť
|
| 300 |
|
|
|a 213 s.
|c 20 cm
|
| 490 |
1 |
|
|a Spoločnosť priateľov krásnych kníh
|v 530
|
| 500 |
|
|
|a Prémia-nepredajné. Rozlož. tit. list.
|
| 655 |
|
7 |
|a švédske romány
|2 SNKPH
|9 70708
|
| 655 |
|
7 |
|a Swedish fiction
|2 SNKPHeng
|9 280059
|
| 700 |
1 |
|
|a Dobiášová, Helena,
|d 1935-1990
|4 trl
|9 102680
|
| 700 |
1 |
|
|a Končeková-Veselá, Ľuba,
|d 1942-
|4 ill
|9 219100
|
| 700 |
1 |
|
|a Žitný, Milan,
|d 1948-2019
|4 [ADC]
|9 184001
|
| 830 |
|
0 |
|a Spoločnosť priateľov krásnych kníh
|9 74287
|
| 852 |
|
|
|a Slovenská národná knižnica
|
| 919 |
|
|
|a 80-220-0312-3
|
| 954 |
|
|
|a beletria cudzojazyčná (svetová)
|2 lita
|
| 954 |
|
|
|a romány psychologické
|
| 958 |
|
|
|a LX
|
| 958 |
|
|
|a TL
|
| 958 |
|
|
|a UP
|
| 999 |
|
|
|c 962478
|d 964408
|
| 952 |
|
|
|t P60, <04>, [BOOK], {604}
|a SNK
|b SNK
|y VYP
|7 0
|p 17A0205795
|o snkSC 80128 D1
|0 0
|1 0
|4 0
|d 1999-08-06
|f 1
|l 0
|r 2004-12-31 00:00:00
|w 2026-02-24
|
| 952 |
|
|
|a SNK
|b SNK
|y PREZ
|7 0
|p 17A0945723
|o snkSC 80128
|0 0
|1 0
|4 0
|d 2012-08-13
|l 0
|r 2025-08-11 00:00:00
|w 2026-02-24
|